| Tag |
First Indicator |
Second Indicator |
Subfields |
| LEADER |
00000cam a2200000 a 4500 |
| 001 |
in00000605821 |
| 005 |
20151014093209.0 |
| 008 |
820416s1915 enkaf j 00011 eng d |
| 035 |
|
|
|a (OCoLC)08342345
|
| 035 |
|
|
|9 ACR0134AM
|
| 040 |
|
|
|a MUS
|c MUS
|d TXA
|d UtOrBLW
|
| 049 |
|
|
|a [Curr Col] TXAM
|c [A10975107]
|
| 090 |
|
|
|a PR6003.R359
|b A7 1916
|
| 100 |
1 |
|
|a Brereton, F. S.
|q (Frederick Sadleir),
|d 1872-
|
| 245 |
1 |
0 |
|a At grips with the Turk :
|b a story of the Dardanelles Campaign /
|c by F. S. Brereton; illustrated by Wal Paget.
|
| 264 |
|
1 |
|a London :
|b Blackie & Son Limited,
|c [1915?]
|
| 264 |
|
3 |
|c 1916 printing
|
| 300 |
|
|
|a 352 pages, 7 unnumbered leaves of plates :
|b illustrations ;
|c 19 cm.
|
| 336 |
|
|
|a text
|b txt
|2 rdacontent
|
| 337 |
|
|
|a unmediated
|b n
|2 rdamedia
|
| 338 |
|
|
|a volume
|b nc
|2 rdacarrier
|
| 700 |
1 |
|
|a Paget, Walter,
|d 1863-1935.
|
| 999 |
|
|
|a MARS
|
| 999 |
f |
f |
|s 5cd982ba-1080-3474-abb4-3dc1645f0b23
|i 22e47325-5251-389d-914a-be33765a1023
|t 0
|
| 952 |
f |
f |
|p ric
|a Texas A&M University
|b Rellis Campus
|c Joint Library Facility
|d Remote Storage
|t 0
|e PR6003.R359 A7 1916
|h Library of Congress classification
|i unmediated -- volume
|m A14842767700
|
| 998 |
f |
f |
|a PR6003.R359 A7 1916
|t 0
|l Remote Storage
|